{"text_format":"3","workbook":"xls","n_sheets":1,"sheets":["Hoja1"],"not_rendered":{"external_links":1,"defined_names":1},"read":"whole","date_system":"1900","formulas":"cached_only"}

{"sheet":"Hoja1","index":0,"n_rows":79,"n_cols":10,"rows_kept":79,"merged":[[9,0,10,0],[9,1,10,1],[9,2,10,2],[9,3,10,3],[9,4,10,4],[9,5,10,5],[9,6,10,6],[9,7,10,7],[74,5,74,6],[75,5,75,6]],"flags":["formulas_cached_only"]}
[]
["Servicio Nacional de Salud"]
["Informe Mensual de Almacén General, Despensa y Medicina "]
[]
["ALMACEN: SUMINISTRO  Y OFICINA "]
["ESTABLECIMIENTO: Hospital Yrene Fernández  REGION II"]
["AREA DE SALUD ________________________MES  ABRIL      AÑO 2020",null,"MES  NOVIEMBRE",null,"AÑO 2025"]
[]
[]
["ARTICULO","UNIDAD","EXISTENCIA ANTERIOR","ENTRADA","CONSUMIDO","EXISTENCIA FINAL","VALOR UNITARIO","VALOR TOTAL"]
[{"$nulls":9}," "]
["Papel  81/2 x 11","Resma ",14,20,10,24,429.99,{"v":10319.76,"d":"10,319.76"}]
["Papel  81/2 x 14","Resma ",7,0,2,5,324.99,{"v":1624.95,"d":"1,624.95"}]
["Papel sumadora 2 1/4","Rollo",3,0,0,3,{"v":20,"d":"20.00"},{"v":60,"d":"60.00"}]
["Folder 8 1/2 x 11","Caja",13,0,7,6,{"v":302,"d":"302.00"},{"v":1812,"d":"1,812.00"}]
["Sobre manilla 8 1/2 x 11","UNIDAD",60,600,160,500,{"v":15,"d":"15.00"},{"v":7500,"d":"7,500.00"}]
["Sobre manilla 14 x 17","Unidad",0,0,0,0,{"v":4.7,"d":"4.70"},{"v":0,"d":"0.00"}]
["CD ","UNIDAD",300,600,800,100,{"v":16,"d":"16.00"},{"v":1600,"d":"1,600.00"}]
["Lapiz Carbon ","Caja ",4,0,0,4,{"v":90,"d":"90.00"},{"v":360,"d":"360.00"}]
["Resaltador ","UNIDAD",2,0,0,2,{"v":29,"d":"29.00"},{"v":58,"d":"58.00"}]
["Grapadora ","UNIDAD",3,10,1,12,{"v":225,"d":"225.00"},{"v":2700,"d":"2,700.00"}]
["Postin","Docena ","24",15,6,33,{"v":199,"d":"199.00"},{"v":6567,"d":"6,567.00"}]
["Lapicero azul ","Caja ","9",10,2,17,{"v":98,"d":"98.00"},{"v":1666,"d":"1,666.00"}]
["Lapicero rojo","Caja ","1",0,0,1,{"v":98,"d":"98.00"},{"v":98,"d":"98.00"}]
["Borrador de leche ","Caja",1,3,0,4,{"v":256.4,"d":"256.40"},{"v":1025.6,"d":"1,025.60"}]
["Humectante para dedos","UNIDAD",2,0,0,2,{"v":85,"d":"85.00"},{"v":170,"d":"170.00"}]
["Liquid paper ","UNIDAD ",3,0,0,3,119.99,{"v":359.96999999999997,"d":"359.97"}]
["Cinta adhesiva transparente ","UNIDAD",6,0,1,5,{"v":34,"d":"34.00"},{"v":170,"d":"170.00"}]
["Cuaderno","UNIDAD",19,0,4,15,{"v":82,"d":"82.00"},{"v":1230,"d":"1,230.00"}]
["Gomitas ","Caja ",9,5,2,12,{"v":22,"d":"22.00"},{"v":264,"d":"264.00"}]
["Tinta Rollón","UNIDAD",0,0,0,0,{"v":100,"d":"100.00"},{"v":0,"d":"0.00"}]
["Clip pequeñó","Caja",7,0,1,6,{"v":14,"d":"14.00"},{"v":84,"d":"84.00"}]
["Clip grande ","Caja",11,0,0,11,{"v":49,"d":"49.00"},{"v":539,"d":"539.00"}]
["Cartulina ","Unidad ",0,0,0,0,{"v":25,"d":"25.00"},{"v":0,"d":"0.00"}]
["Marcadores 12 udes","Unidad ",5.5,0,1.34,4.16,{"v":255,"d":"255.00"},{"v":1060.8,"d":"1,060.80"}]
["Grapa ","Caja",4,10,4,10,{"v":79,"d":"79.00"},{"v":790,"d":"790.00"}]
["Sacagrapa","Unidad ",3,0,0,3,{"v":25,"d":"25.00"},{"v":75,"d":"75.00"}]
["Sacapunta","Unidad",4,1,0,5,{"v":35,"d":"35.00"},{"v":175,"d":"175.00"}]
["Perforadora ","Unidad ",2,0,0,2,{"v":430,"d":"430.00"},{"v":860,"d":"860.00"}]
["Tijera ","Unidad",0,0,0,0,{"v":250,"d":"250.00"},{"v":0,"d":"0.00"}]
["Marquintel","Unidad",12,12,0,24,{"v":45,"d":"45.00"},{"v":1080,"d":"1,080.00"}]
["Papel carbon ","Paquete ",1,0,0,1,{"v":350,"d":"350.00"},{"v":350,"d":"350.00"}]
["Toner 650","Unidad",2,0,0,2,{"v":1500,"d":"1,500.00"},{"v":3000,"d":"3,000.00"}]
["Toner 285","Unidad",2,0,0,2,{"v":1150,"d":"1,150.00"},{"v":2300,"d":"2,300.00"}]
["Toner 230","Unidad",2,0,1,1,{"v":2500,"d":"2,500.00"},{"v":2500,"d":"2,500.00"}]
["Toner 217 ","Unidad ",4,0,0,4,{"v":2500,"d":"2,500.00"},{"v":10000,"d":"10,000.00"}]
["Toner 1105A","Unidad",2,0,1,1,{"v":3186,"d":"3,186.00"},{"v":3186,"d":"3,186.00"}]
["Clip carpeta ","Caja",3,0,0,3,{"v":135,"d":"135.00"},{"v":405,"d":"405.00"}]
["Pila Duracell AA","Paquete",0,3,0,3,119.99,{"v":359.96999999999997,"d":"359.97"}]
["Pila Duracell AAA","Paquete",1,3,1,3,119.99,{"v":359.96999999999997,"d":"359.97"}]
["Recetarios ","Talonarios ",69,0,45,24,{"v":150,"d":"150.00"},{"v":3600,"d":"3,600.00"}]
["Talonarios analitica ","Talonarios ",40,0,10,30,{"v":150,"d":"150.00"},{"v":4500,"d":"4,500.00"}]
["Subtotal",{"$nulls":6},{"v":72810.02,"d":"72,810.02"}]
["Limpieza "]
["Cloro","Caja ",11,8,12,7,539.96,{"v":3779.7200000000003,"d":"3,779.72"}]
["Desinfectante","Caja ",5,8,6,7,819.96,{"v":5739.72,"d":"5,739.72"}]
["Jabón de cuaba en pasta ","Caja ",1.5,1,1.3,1.2,{"v":812,"d":"812.00"},{"v":974.4,"d":"974.40"}]
["Ace ","Saco",2.5,0,0.5,2,{"v":973,"d":"973.00"},{"v":1946,"d":"1,946.00"}]
["Suavitel","Unidad",6,6,10,2,{"v":380,"d":"380.00"},{"v":760,"d":"760.00"}]
["Suaper ","Unidad",7,0,0,7,294.99,{"v":2064.9300000000003,"d":"2,064.93"}]
["Escoba ","Unidad",5,0,0,5,{"v":150,"d":"150.00"},{"v":750,"d":"750.00"}]
["Jabón líquido","Galón ",3,0,0,3,{"v":275,"d":"275.00"},{"v":825,"d":"825.00"}]
["Nabaja ","Paquete",1,0,0,1,{"v":570,"d":"570.00"},{"v":570,"d":"570.00"}]
["Spray limpia espejo","Unidad",1,0,0,1,{"v":107,"d":"107.00"},{"v":107,"d":"107.00"}]
["Cepillo para inodoro","Unidad",2,0,1,1,{"v":90,"d":"90.00"},{"v":90,"d":"90.00"}]
["Funda roja 35 galones ","unidad",300,500,600,200,{"v":6,"d":"6.00"},{"v":1200,"d":"1,200.00"}]
["Toalla mediana ","Unidad",20,0,0,20,{"v":40,"d":"40.00"},{"v":800,"d":"800.00"}]
["Papel de Baño","Faldo",3,8,6,5,875.88,{"v":4379.4,"d":"4,379.40"}]
["Toalla absorbente ","Faldo",2,3,4,1,{"v":2999.88,"d":"2,999.88"},{"v":2999.88,"d":"2,999.88"}]
["Guante multiuso","Par ",9,0,0,9,{"v":117,"d":"117.00"},{"v":1053,"d":"1,053.00"}]
["funda negras 35 galones ","Unidad",600,500,600,500,32.99,{"v":16495,"d":"16,495.00"}]
["funda negras 30 galones ","Unidad",200,400,400,200,32.99,{"v":6598,"d":"6,598.00"}]
["Funda negras 55 galones ","Unidad ",600,500,600,500,32.99,{"v":16495,"d":"16,495.00"}]
["Guante small","Paquete",3,0,0,3,{"v":120,"d":"120.00"},{"v":360,"d":"360.00"}]
[{"$nulls":5},"SUBTOTAL",null,{"v":67987.05,"d":"67,987.05"}]
[{"$nulls":5},"Total general",null,{"v":140797.07,"d":"140,797.07"}]
[]
[]
["Encargada de Almacén",null,null,"Administrador ",null,null,"Directora"]